书目信息 |
| 题名: |
汽车发动机构造·检测·拆装·维修
|
|
| 作者: | 邵健萍 主编 | |
| 分册: | ||
| 出版信息: | 北京 化学工业出版社 2017.09 |
|
| 页数: | 301页 | |
| 开本: | 26cm | |
| 丛书名: | ||
| 单 册: | ||
| 中图分类: | U464.03 , U472.43 | |
| 科图分类: | ||
| 主题词: | 汽车--发动机--构造 , 汽车--发动机--维修 | |
| 电子资源: | ||
| ISBN: | 978-7-122-25172-5 | |
| 000 | 00972nam0 2200253 450 | |
| 001 | 0400007863 | |
| 005 | 20171110100150.0 | |
| 010 | @a978-7-122-25172-5@dCNY68.00 | |
| 100 | @a20171110d2017 em y0chiy ea | |
| 101 | 0 | @achi |
| 102 | @aCN@b110000 | |
| 105 | @aa z 000yy | |
| 106 | @ar | |
| 200 | 1 | @a汽车发动机构造·检测·拆装·维修@Aqi che fa dong ji gou zao · jian ce · chai zhuang · wei xiu@b专著@f邵健萍主编 |
| 210 | @a北京@c化学工业出版社@d2017.09 | |
| 215 | @a301页@c图@d26cm | |
| 330 | @a本书从维修实际出发,主要介绍了汽车发动机的基础知识及曲柄连杆机构、配气机构、冷却系统和润滑系统、发动机点火系统、汽油发动机燃料供给系统、柴油发动机燃料供给系统等主要总成及部件的功用、结构、工作原理、拆装方法及检测与维修技术。 | |
| 606 | 0 | @a汽车@x发动机@x构造 |
| 606 | 0 | @a汽车@x发动机@x维修 |
| 690 | @aU464.03@v5 | |
| 690 | @aU472.43@v5 | |
| 701 | 0 | @a邵健萍@Ashao jian ping@4主编 |
| 801 | 0 | @aCN@b上海新华@c20171110 |
| 905 | @b1024608-12@dU464.03@e679@f5 | |
| 汽车发动机构造·检测·拆装·维修/邵健萍主编.-北京:化学工业出版社,2017.09 |
| 301页:图;26cm |
| ISBN 978-7-122-25172-5:CNY68.00 |
| 本书从维修实际出发,主要介绍了汽车发动机的基础知识及曲柄连杆机构、配气机构、冷却系统和润滑系统、发动机点火系统、汽油发动机燃料供给系统、柴油发动机燃料供给系统等主要总成及部件的功用、结构、工作原理、拆装方法及检测与维修技术。 |
| ● |
| 相关链接 |
|
|
|
|
正题名:汽车发动机构造·检测·拆装·维修
索取号:U464.03/679
 
预约/预借
| 序号 | 登录号 | 条形码 | 馆藏地/架位号 | 状态 | 备注 |
| 1 | 1024608 | 210246081 | 第二样本阅览室/ [索取号:U464.03/679] | 在馆 | |
| 2 | 1024609 | 210246090 | 第三借阅区/ [索取号:U464.03/679] | 在馆 | |
| 3 | 1024610 | 210246107 | 第三借阅区/ [索取号:U464.03/679] | 在馆 | |
| 4 | 1024611 | 210246116 | 第三借阅区/ [索取号:U464.03/679] | 在馆 | |
| 5 | 1024612 | 210246125 | 密集书库-物理学院/ [索取号:U464.03/679] | 在馆 |